Housing Bill offers new deal for tenants (Record no. 36612)

MARC details
000 -LEADER
fixed length control field 00865cab a2200193 4500
001 - CONTROL NUMBER
control field WB2347-14
008 - FIXED-LENGTH DATA ELEMENTS--GENERAL INFORMATION
fixed length control field 090401t1987 xxu||||| |||| 00| 0 eng d
035 ## - SYSTEM CONTROL NUMBER
System control number (Sirsi) u59632
041 ## - LANGUAGE CODE
Language code of text/sound track or separate title eng
245 ## - TITLE STATEMENT
Title Housing Bill offers new deal for tenants
260 ## - PUBLICATION, DISTRIBUTION, ETC.
Date of publication, distribution, etc. 1987
350 ## - PRICE (NR) (BK AM CF MU VM SE) [OBSOLETE]
Price 0
490 ## - SERIES STATEMENT
Series statement DoE News Release
Volume/sequential designation 478 20 November 1987 8 pages
520 ## - SUMMARY, ETC.
Summary, etc. Measures to revive the private rented sector , expand the role of housing assocoations and bring greater choice to council tenants are set out in the Housing Bill. The Bill makes provision for four initiatives: deregulation of new private sector lettings; reform of housing association finance; creation of Housing Action Trust s and right for council tenants to choose a new landlord.
650 ## - SUBJECT ADDED ENTRY--TOPICAL TERM
Topical term or geographic name entry element PICK A LANDLORD SCHEME
690 ## - LOCAL SUBJECT ADDED ENTRY--TOPICAL TERM (OCLC, RLIN)
Topical term or geographic name as entry element Block management
9 (RLIN) 6220
942 ## - ADDED ENTRY ELEMENTS (KOHA)
Suppress in OPAC 0
948 ## - LOCAL PROCESSING INFORMATION (OCLC); SERIES PART DESIGNATOR (RLIN)
c (OCLC) 04/03/1997
Holdings
Withdrawn status Lost status Source of classification or shelving scheme Damaged status Not for loan Home library Current library Shelving location Date acquired Total Checkouts Full call number Barcode Date last seen Copy number Price effective from Koha item type
    Dewey Decimal Classification     London London News article 14/09/1999   WB2347-14 59632-1001 06/08/2019 1 06/08/2019 News article